[Event "Weekender - Expert"]
[Site "Enniscrone, Sligo, IE"]
[Date "2026.02.01"]
[Round "5"]
[White "Dahmen, Clemens"]
[Black "Webb, Nick"]
[Result "1/2-1/2"]
[Board "5"]
[WhiteFideId "34607005"]
[BlackFideId "2517302"]
[WhiteElo "1783"]
[BlackElo "1876"]
[WhiteTeam "GER"]
[BlackTeam "IRL"]
[WhiteClock "0:18:18"]
[BlackClock "0:16:49"]
[Variant "Standard"]

1. d4 {[%clk 1:30:56]}  d5 {[%clk 1:30:45]} 2. c4 {[%clk 1:31:03]}  e6 {[%clk 1:31:01]} 3. Nc3 {[%clk 1:31:20]}  Be7 {[%clk 1:30:48]} 4. Bf4 {[%clk 1:30:25]}  Nf6 {[%clk 1:30:05]} 5. e3 {[%clk 1:29:33]}  O-O {[%clk 1:30:11]} 6. Nf3 {[%clk 1:29:04]}  a6 {[%clk 1:28:31]} 7. Bd3 {[%clk 1:27:43]}  dxc4 {[%clk 1:28:28]} 8. Bxc4 {[%clk 1:27:38]}  b5 {[%clk 1:28:08]} 9. Be2 {[%clk 1:23:32]}  Bb7 {[%clk 1:27:52]} 10. O-O {[%clk 1:22:00]}  c5 {[%clk 1:26:18]} 11. dxc5 {[%clk 1:19:30]}  Bxc5 {[%clk 1:25:56]} 12. Qc2 {[%clk 1:18:20]}  Qb6 {[%clk 1:25:25]} 13. Rac1 {[%clk 1:15:42]}  Nbd7 {[%clk 1:24:30]} 14. Bg5 {[%clk 1:09:35]}  Rac8 {[%clk 1:24:01]} 15. Rfd1 {[%clk 1:07:26]}  h6 {[%clk 1:18:00]} 16. Bf4 {[%clk 1:04:43]}  Rfd8 {[%clk 1:13:10]} 17. a3 {[%clk 0:59:57]}  Bf8 {[%clk 1:12:20]} 18. Qb3 {[%clk 0:56:40]}  Nc5 {[%clk 1:07:31]} 19. Qa2 {[%clk 0:54:21]}  Nd5 {[%clk 1:06:29]} 20. Nxd5 {[%clk 0:51:15]}  Bxd5 {[%clk 1:06:26]} 21. Qb1 {[%clk 0:49:12]}  Be4 {[%clk 0:58:50]} 22. Rxd8 {[%clk 0:44:32]}  Rxd8 {[%clk 0:56:54]} 23. Qa2 {[%clk 0:43:44]}  Bd6 {[%clk 0:41:25]} 24. b4 {[%clk 0:38:02]}  Nd3 {[%clk 0:40:04]} 25. Bxd3 {[%clk 0:36:04]}  Bxd3 {[%clk 0:38:26]} 26. Ne5 {[%clk 0:34:32]}  Be4 {[%clk 0:36:56]} 27. h4 {[%clk 0:33:00]}  Qb8 {[%clk 0:32:32]} 28. Rd1 {[%clk 0:28:11]}  Bxe5 {[%clk 0:31:51]} 29. Rxd8+ {[%clk 0:28:26]}  Qxd8 {[%clk 0:32:14]} 30. Bxe5 {[%clk 0:28:46]}  Qxh4 {[%clk 0:28:46]} 31. Qd2 {[%clk 0:27:55]}  Qg5 {[%clk 0:27:52]} 32. Bg3 {[%clk 0:25:57]}  h5 {[%clk 0:27:35]} 33. Qd4 {[%clk 0:25:26]}  h4 {[%clk 0:26:37]} 34. Qxe4 {[%clk 0:25:16]}  hxg3 {[%clk 0:26:48]} 35. Qa8+ {[%clk 0:25:13]}  Kh7 {[%clk 0:27:02]} 36. Qxa6 {[%clk 0:25:16]}  gxf2+ {[%clk 0:26:16]} 37. Kxf2 {[%clk 0:25:11]}  Qh4+ {[%clk 0:26:09]} 38. Kf3 {[%clk 0:25:11]}  Qh5+ {[%clk 0:24:49]} 39. Kf2 {[%clk 0:24:57]}  Qf5+ {[%clk 0:24:41]} 40. Ke2 {[%clk 0:24:40]}  Qd5 {[%clk 0:23:28]} 41. Kf2 {[%clk 0:23:46]}  Kg6 {[%clk 0:21:43]} 42. Qc8 {[%clk 0:22:18]}  Qa2+ {[%clk 0:20:37]} 43. Kf3 {[%clk 0:22:01]}  Qxa3 {[%clk 0:20:34]} 44. Qc2+ {[%clk 0:21:49]}  Kf6 {[%clk 0:20:00]} 45. Qe4 {[%clk 0:19:33]}  Qb3 {[%clk 0:19:23]} 46. Qh4+ {[%clk 0:18:25]}  Kg6 {[%clk 0:17:23]} 47. Qg4+ {[%clk 0:18:17]}  Kh7 {[%clk 0:16:40]} 48. Qh5+ {[%clk 0:18:19]}  Kg8 {[%clk 0:16:58]} 49. Qxb5 {[%clk 0:18:28]}  Qd1+ {[%clk 0:16:45]} 50. Kf2 {[%clk 0:18:18]}  Qd2+ {[%clk 0:16:49]} 1/2-1/2

[Event "Weekender - Expert"]
[Site "Enniscrone, Sligo, IE"]
[Date "2026.02.01"]
[Round "5"]
[White "Melling, Jonathon"]
[Black "Menon, Sanjay"]
[Result "0-1"]
[Board "6"]
[WhiteFideId "841790"]
[BlackFideId "2510804"]
[WhiteElo "1878"]
[BlackElo "1835"]
[WhiteTeam "IRL"]
[BlackTeam "IRL"]
[WhiteClock "1:14:34"]
[BlackClock "1:13:35"]
[Variant "Standard"]

1. d4 {[%clk 1:30:58]}  Nf6 {[%clk 1:30:54]} 2. Bf4 {[%clk 1:31:24]}  c5 {[%clk 1:31:21]} 3. e3 {[%clk 1:31:50]}  cxd4 {[%clk 1:31:46]} 4. exd4 {[%clk 1:32:14]}  d6 {[%clk 1:32:12]} 5. Nf3 {[%clk 1:32:26]}  g6 {[%clk 1:32:36]} 6. c3 {[%clk 1:32:51]}  Bg7 {[%clk 1:33:03]} 7. Nbd2 {[%clk 1:32:56]}  O-O {[%clk 1:33:20]} 8. Be2 {[%clk 1:30:25]}  Nc6 {[%clk 1:30:37]} 9. h3 {[%clk 1:30:32]}  Re8 {[%clk 1:31:02]} 10. Bg5 {[%clk 1:29:15]}  Qc7 {[%clk 1:27:00]} 11. Bxf6 {[%clk 1:19:09]}  Bxf6 {[%clk 1:26:48]} 12. d5 {[%clk 1:19:23]}  Ne5 {[%clk 1:26:37]} 13. Nxe5 {[%clk 1:15:51]}  Bxe5 {[%clk 1:22:45]} 14. h4 {[%clk 1:15:49]}  e6 {[%clk 1:22:30]} 15. h5 {[%clk 1:15:31]}  exd5 {[%clk 1:22:46]} 16. hxg6 {[%clk 1:15:41]}  fxg6 {[%clk 1:22:49]} 17. Nf3 {[%clk 1:15:58]}  Bf6 {[%clk 1:15:57]} 18. Qxd5+ {[%clk 1:14:11]}  Be6 {[%clk 1:16:12]} 19. Qd3 {[%clk 1:13:50]}  Bc4 {[%clk 1:14:15]} 20. Qc2 {[%clk 1:13:32]}  Rxe2+ {[%clk 1:14:39]} 21. Qxe2 {[%clk 1:13:57]}  Bxe2 {[%clk 1:15:05]} 22. Kxe2 {[%clk 1:14:22]}  Qc4+ {[%clk 1:15:29]} 23. Kd2 {[%clk 1:14:18]}  Be5 {[%clk 1:14:47]} 24. Rh4 {[%clk 1:14:34]}  Bf4+ {[%clk 1:13:35]} 0-1

[Event "Weekender - Expert"]
[Site "Enniscrone, Sligo, IE"]
[Date "2026.02.01"]
[Round "5"]
[White "Alvarez Jimenez, Alfonso"]
[Black "Verlekar, Vivaan"]
[Result "1/2-1/2"]
[Board "7"]
[WhiteFideId "2297418"]
[BlackFideId "2516942"]
[WhiteElo "1868"]
[BlackElo "1887"]
[WhiteTeam "ESP"]
[BlackTeam "IRL"]
[WhiteClock "0:01:33"]
[BlackClock "0:01:42"]
[Variant "Standard"]

1. d4 {[%clk 1:27:24]}  Nf6 {[%clk 1:30:51]} 2. c4 {[%clk 1:27:47]}  e6 {[%clk 1:31:14]} 3. Nc3 {[%clk 1:28:12]}  Bb4 {[%clk 1:31:34]} 4. Nf3 {[%clk 1:28:34]}  b6 {[%clk 1:31:13]} 5. g3 {[%clk 1:28:12]}  Bb7 {[%clk 1:31:08]} 6. Bg2 {[%clk 1:28:30]}  O-O {[%clk 1:31:02]} 7. O-O {[%clk 1:28:39]}  d6 {[%clk 1:30:27]} 8. Na4 {[%clk 1:25:38]}  d5 {[%clk 1:28:59]} 9. c5 {[%clk 1:23:02]}  b5 {[%clk 1:23:48]} 10. a3 {[%clk 1:21:51]}  Ba5 {[%clk 1:21:29]} 11. b4 {[%clk 1:22:08]}  bxa4 {[%clk 1:21:33]} 12. Qxa4 {[%clk 1:20:44]}  Bb6 {[%clk 1:21:09]} 13. cxb6 {[%clk 1:18:12]}  cxb6 {[%clk 1:19:17]} 14. Ne5 {[%clk 1:13:27]}  Nbd7 {[%clk 1:15:58]} 15. Nc6 {[%clk 1:06:11]}  Qe8 {[%clk 1:08:19]} 16. b5 {[%clk 1:00:13]}  a6 {[%clk 1:01:27]} 17. Qb3 {[%clk 0:51:22]}  axb5 {[%clk 0:59:54]} 18. Nb4 {[%clk 0:50:59]}  Qe7 {[%clk 0:56:31]} 19. Bd2 {[%clk 0:49:29]}  Rfc8 {[%clk 0:53:14]} 20. Nd3 {[%clk 0:47:17]}  Bc6 {[%clk 0:43:38]} 21. Bb4 {[%clk 0:45:58]}  Qd8 {[%clk 0:42:48]} 22. f3 {[%clk 0:43:16]}  Nf8 {[%clk 0:40:28]} 23. e3 {[%clk 0:41:05]}  Ng6 {[%clk 0:38:34]} 24. Rac1 {[%clk 0:39:57]}  Ne8 {[%clk 0:33:54]} 25. h4 {[%clk 0:36:20]}  Nd6 {[%clk 0:28:49]} 26. h5 {[%clk 0:29:11]}  Ne7 {[%clk 0:28:50]} 27. g4 {[%clk 0:26:48]}  Nc4 {[%clk 0:27:54]} 28. Kf2 {[%clk 0:26:25]}  h6 {[%clk 0:25:21]} 29. f4 {[%clk 0:22:44]}  Be8 {[%clk 0:22:56]} 30. Ne5 {[%clk 0:21:13]}  Nc6 {[%clk 0:20:49]} 31. Nxc6 {[%clk 0:20:55]}  Bxc6 {[%clk 0:21:01]} 32. Kg3 {[%clk 0:20:54]}  Qf6 {[%clk 0:16:09]} 33. Qd3 {[%clk 0:19:03]}  Rd8 {[%clk 0:13:40]} 34. Rf3 {[%clk 0:15:55]}  Rac8 {[%clk 0:12:36]} 35. Kh3 {[%clk 0:14:01]}  Re8 {[%clk 0:09:51]} 36. Be1 {[%clk 0:12:59]}  Qe7 {[%clk 0:09:30]} 37. Bb4 {[%clk 0:12:49]}  Qf6 {[%clk 0:09:50]} 38. Be1 {[%clk 0:11:50]}  Qe7 {[%clk 0:10:08]} 39. Rc3 {[%clk 0:12:15]}  Ra8 {[%clk 0:10:11]} 40. Bh4 {[%clk 0:12:31]}  Qd7 {[%clk 0:09:38]} 41. Rg3 {[%clk 0:12:00]}  Kh8 {[%clk 0:08:38]} 42. Kh2 {[%clk 0:11:11]}  f5 {[%clk 0:04:31]} 43. gxf5 {[%clk 0:08:38]}  exf5 {[%clk 0:04:54]} 44. Bh3 {[%clk 0:08:52]}  Rf8 {[%clk 0:04:53]} 45. Rg6 {[%clk 0:09:01]}  Rf7 {[%clk 0:04:13]} 46. Qc2 {[%clk 0:05:56]}  Bb7 {[%clk 0:03:32]} 47. Qg2 {[%clk 0:05:23]}  Rg8 {[%clk 0:03:41]} 48. Qg3 {[%clk 0:04:51]}  Qe8 {[%clk 0:03:20]} 49. Bg2 {[%clk 0:04:38]}  Qd7 {[%clk 0:03:25]} 50. Bf1 {[%clk 0:03:07]}  Bc6 {[%clk 0:02:21]} 51. Bd3 {[%clk 0:03:28]}  Qc7 {[%clk 0:02:17]} 52. a4 {[%clk 0:03:27]}  b4 {[%clk 0:02:24]} 53. Rb3 {[%clk 0:03:32]}  Bxa4 {[%clk 0:02:02]} 54. Rxb4 {[%clk 0:03:49]}  Bd1 {[%clk 0:01:51]} 55. Bxc4 {[%clk 0:03:57]}  dxc4 {[%clk 0:02:15]} 56. Rbxb6 {[%clk 0:04:15]}  Bb3 {[%clk 0:01:45]} 57. Rxh6+ {[%clk 0:03:06]}  gxh6 {[%clk 0:01:52]} 58. Rxh6+ {[%clk 0:03:24]}  Rh7 {[%clk 0:02:02]} 59. Bf6+ {[%clk 0:03:46]}  Rgg7 {[%clk 0:02:19]} 60. Qg6 {[%clk 0:03:02]}  Rxh6 {[%clk 0:01:59]} 61. Qxh6+ {[%clk 0:03:19]}  Kg8 {[%clk 0:02:25]} 62. d5 {[%clk 0:02:58]}  Rh7 {[%clk 0:00:54]} 63. Qg6+ {[%clk 0:03:03]}  Kf8 {[%clk 0:01:11]} 64. d6 {[%clk 0:03:12]}  Qf7 {[%clk 0:00:57]} 65. Be7+ {[%clk 0:00:49]}  Ke8 {[%clk 0:01:15]} 66. d7+ {[%clk 0:01:18]}  Kxd7 {[%clk 0:01:36]} 67. Qd6+ {[%clk 0:01:38]}  Kc8 {[%clk 0:01:45]} 68. Qc6+ {[%clk 0:01:25]}  Kb8 {[%clk 0:02:05]} 69. Qb6+ {[%clk 0:01:36]}  Ka8 {[%clk 0:01:42]} 70. Qa6+ {[%clk 0:01:33]} 1/2-1/2

[Event "Weekender - Expert"]
[Site "Enniscrone, Sligo, IE"]
[Date "2026.02.01"]
[Round "5"]
[White "Kenny, William"]
[Black "Putar, Slavko"]
[Result "0-1"]
[Board "9"]
[WhiteFideId "2509440"]
[BlackFideId "14557517"]
[WhiteElo "1834"]
[BlackElo "1762"]
[WhiteTeam "IRL"]
[BlackTeam "IRL"]
[WhiteClock "0:00:42"]
[BlackClock "0:47:41"]
[Variant "Standard"]

1. d4 {[%clk 1:30:57]}  Nf6 {[%clk 1:30:49]} 2. Nc3 {[%clk 1:31:12]}  d5 {[%clk 1:30:46]} 3. Bf4 {[%clk 1:31:35]}  c6 {[%clk 1:29:55]} 4. e3 {[%clk 1:31:43]}  g6 {[%clk 1:29:31]} 5. Nf3 {[%clk 1:31:08]}  Bg7 {[%clk 1:29:19]} 6. Be2 {[%clk 1:27:18]}  O-O {[%clk 1:29:30]} 7. Ne5 {[%clk 1:25:46]}  Nfd7 {[%clk 1:26:58]} 8. h4 {[%clk 1:19:16]}  f6 {[%clk 1:25:15]} 9. Nf3 {[%clk 1:00:58]}  e5 {[%clk 1:22:45]} 10. dxe5 {[%clk 1:01:18]}  fxe5 {[%clk 1:21:45]} 11. Bg5 {[%clk 1:01:34]}  Qe8 {[%clk 1:20:46]} 12. h5 {[%clk 0:57:57]}  h6 {[%clk 1:19:47]} 13. Bh4 {[%clk 0:58:14]}  e4 {[%clk 1:18:15]} 14. Nd4 {[%clk 0:56:41]}  g5 {[%clk 1:18:03]} 15. Bg3 {[%clk 0:56:15]}  Be5 {[%clk 1:17:25]} 16. Bxe5 {[%clk 0:51:06]}  Nxe5 {[%clk 1:16:37]} 17. Qd2 {[%clk 0:46:03]}  Ng4 {[%clk 1:13:03]} 18. Bxg4 {[%clk 0:43:16]}  Bxg4 {[%clk 1:12:01]} 19. Nce2 {[%clk 0:43:26]}  Na6 {[%clk 1:09:08]} 20. Ng3 {[%clk 0:36:27]}  Rd8 {[%clk 1:08:09]} 21. Rf1 {[%clk 0:32:21]}  c5 {[%clk 1:07:12]} 22. Nde2 {[%clk 0:32:07]}  Qa4 {[%clk 1:03:50]} 23. b3 {[%clk 0:30:31]}  Qa3 {[%clk 1:02:32]} 24. Qc1 {[%clk 0:27:36]}  Qa5+ {[%clk 1:01:11]} 25. c3 {[%clk 0:25:54]}  d4 {[%clk 1:00:16]} 26. Nxe4 {[%clk 0:22:09]}  d3 {[%clk 0:59:03]} 27. N2g3 {[%clk 0:21:09]}  c4 {[%clk 0:57:28]} 28. f3 {[%clk 0:20:09]}  Bf5 {[%clk 0:56:58]} 29. Kf2 {[%clk 0:15:53]}  Bxe4 {[%clk 0:56:30]} 30. Nxe4 {[%clk 0:16:15]}  Qe5 {[%clk 0:56:10]} 31. Nd2 {[%clk 0:10:36]}  g4 {[%clk 0:54:46]} 32. f4 {[%clk 0:09:42]}  g3+ {[%clk 0:54:46]} 33. Kxg3 {[%clk 0:08:37]}  Qxe3+ {[%clk 0:53:25]} 34. Rf3 {[%clk 0:08:55]}  Qc5 {[%clk 0:53:16]} 35. Nxc4 {[%clk 0:08:39]}  Qxh5 {[%clk 0:52:40]} 36. Qe3 {[%clk 0:06:01]}  Rf7 {[%clk 0:49:23]} 37. Ne5 {[%clk 0:04:33]}  Rg7+ {[%clk 0:48:56]} 38. Kf2 {[%clk 0:04:55]}  Qh4+ {[%clk 0:49:00]} 39. Rg3 {[%clk 0:04:14]}  Nc5 {[%clk 0:46:56]} 40. Rh1 {[%clk 0:00:41]}  Qxg3+ {[%clk 0:47:06]} 41. Qxg3 {[%clk 0:00:40]}  Ne4+ {[%clk 0:47:29]} 42. Kf3 {[%clk 0:00:33]}  Nxg3 {[%clk 0:47:43]} 43. Rd1 {[%clk 0:00:36]}  Ne2 {[%clk 0:47:16]} 44. Nxd3 {[%clk 0:00:41]}  Nxc3 {[%clk 0:47:26]} 45. Ke3 {[%clk 0:00:42]}  Rg3+ {[%clk 0:47:41]} 0-1

[Event "Weekender - Expert"]
[Site "Enniscrone, Sligo, IE"]
[Date "2026.02.01"]
[Round "5"]
[White "McGrady, Seth"]
[Black "Cawston, M John"]
[Result "1/2-1/2"]
[Board "10"]
[WhiteFideId "2532956"]
[BlackFideId "434000"]
[WhiteElo "1782"]
[BlackElo "1789"]
[WhiteTeam "IRL"]
[BlackTeam "ENG"]
[WhiteClock "0:20:01"]
[BlackClock "1:05:19"]
[Variant "Standard"]

1. e4 {[%clk 1:30:58]}  Nf6 {[%clk 1:30:50]} 2. Nc3 {[%clk 1:31:03]}  d5 {[%clk 1:31:16]} 3. exd5 {[%clk 1:26:52]}  Nxd5 {[%clk 1:31:42]} 4. Nf3 {[%clk 1:26:06]}  g6 {[%clk 1:32:09]} 5. Nxd5 {[%clk 1:24:43]}  Qxd5 {[%clk 1:32:36]} 6. d4 {[%clk 1:24:41]}  Bg7 {[%clk 1:33:02]} 7. c3 {[%clk 1:23:41]}  O-O {[%clk 1:33:26]} 8. Be2 {[%clk 1:23:16]}  c5 {[%clk 1:33:43]} 9. Be3 {[%clk 1:22:15]}  cxd4 {[%clk 1:33:04]} 10. Bxd4 {[%clk 1:21:06]}  Nc6 {[%clk 1:32:06]} 11. Bxg7 {[%clk 1:20:45]}  Qxd1+ {[%clk 1:32:31]} 12. Rxd1 {[%clk 1:21:08]}  Kxg7 {[%clk 1:32:46]} 13. Nd4 {[%clk 1:18:53]}  Nxd4 {[%clk 1:32:42]} 14. Rxd4 {[%clk 1:19:21]}  Be6 {[%clk 1:33:07]} 15. Bc4 {[%clk 1:18:11]}  Bxc4 {[%clk 1:31:44]} 16. Rxc4 {[%clk 1:17:34]}  Rac8 {[%clk 1:32:11]} 17. Ra4 {[%clk 1:15:49]}  a6 {[%clk 1:32:39]} 18. Ke2 {[%clk 1:16:03]}  Rfd8 {[%clk 1:32:57]} 19. Rd1 {[%clk 1:14:20]}  Rxd1 {[%clk 1:33:14]} 20. Kxd1 {[%clk 1:10:40]}  h5 {[%clk 1:33:39]} 21. Rd4 {[%clk 1:10:15]}  Rc7 {[%clk 1:33:26]} 22. a4 {[%clk 1:09:43]}  Kf6 {[%clk 1:33:12]} 23. Ke2 {[%clk 1:09:20]}  e5 {[%clk 1:33:34]} 24. Rd8 {[%clk 1:06:33]}  Kf5 {[%clk 1:32:40]} 25. Rd3 {[%clk 1:02:10]}  h4 {[%clk 1:31:40]} 26. b4 {[%clk 0:57:24]}  g5 {[%clk 1:30:37]} 27. Ke3 {[%clk 0:53:02]}  f6 {[%clk 1:30:11]} 28. f3 {[%clk 0:51:38]}  g4 {[%clk 1:29:34]} 29. fxg4+ {[%clk 0:49:31]}  Kxg4 {[%clk 1:30:01]} 30. Ke4 {[%clk 0:49:34]}  Rc4+ {[%clk 1:29:42]} 31. Kd5 {[%clk 0:46:12]}  b5 {[%clk 1:26:28]} 32. axb5 {[%clk 0:46:17]}  axb5 {[%clk 1:26:55]} 33. Rf3 {[%clk 0:41:05]}  Rf4 {[%clk 1:27:15]} 34. Rxf4+ {[%clk 0:33:21]}  Kxf4 {[%clk 1:25:16]} 35. c4 {[%clk 0:33:01]}  bxc4 {[%clk 1:25:27]} 36. Kxc4 {[%clk 0:33:10]}  e4 {[%clk 1:23:32]} 37. b5 {[%clk 0:32:11]}  h3 {[%clk 1:20:49]} 38. gxh3 {[%clk 0:29:58]}  e3 {[%clk 1:21:08]} 39. b6 {[%clk 0:30:26]}  e2 {[%clk 1:20:41]} 40. b7 {[%clk 0:30:51]}  e1=Q {[%clk 1:19:28]} 41. b8=Q {[%clk 0:29:39]}  Kf3 {[%clk 1:13:32]} 42. Qb7+ {[%clk 0:28:00]}  Qe4+ {[%clk 1:08:44]} 43. Qxe4+ {[%clk 0:25:31]}  Kxe4 {[%clk 1:09:13]} 44. h4 {[%clk 0:24:39]}  f5 {[%clk 1:09:36]} 45. h5 {[%clk 0:25:06]}  f4 {[%clk 1:09:54]} 46. h6 {[%clk 0:25:09]}  f3 {[%clk 1:10:18]} 47. h7 {[%clk 0:25:37]}  f2 {[%clk 1:10:38]} 48. h8=Q {[%clk 0:26:01]}  f1=Q+ {[%clk 1:10:54]} 49. Kc5 {[%clk 0:25:17]}  Qc1+ {[%clk 1:10:57]} 50. Kd6 {[%clk 0:25:01]}  Qa3+ {[%clk 1:11:11]} 51. Ke6 {[%clk 0:24:44]}  Qa6+ {[%clk 1:11:26]} 52. Kf7 {[%clk 0:24:48]}  Qb7+ {[%clk 1:11:40]} 53. Kg6 {[%clk 0:24:40]}  Qb6+ {[%clk 1:08:58]} 54. Kh7 {[%clk 0:19:42]}  Qc7+ {[%clk 1:08:50]} 55. Qg7 {[%clk 0:19:16]}  Qxh2+ {[%clk 1:09:14]} 56. Kg8 {[%clk 0:19:37]}  Qa2+ {[%clk 1:07:47]} 57. Kh7 {[%clk 0:20:01]}  Kf5 {[%clk 1:05:19]} 1/2-1/2

[Event "Weekender - Expert"]
[Site "Enniscrone, Sligo, IE"]
[Date "2026.02.01"]
[Round "5"]
[White "Mc Aleenan, Charles"]
[Black "Kurochkin, Iaromir"]
[Result "0-1"]
[Board "11"]
[WhiteFideId "2461617"]
[BlackFideId "2516969"]
[WhiteElo "1859"]
[BlackElo "1780"]
[WhiteTeam "SCO"]
[BlackTeam "IRL"]
[WhiteClock "0:16:52"]
[BlackClock "0:02:33"]
[Variant "Standard"]

1. f4 {[%clk 1:30:42]}  Nf6 {[%clk 1:30:54]} 2. Nf3 {[%clk 1:30:39]}  g6 {[%clk 1:31:20]} 3. g3 {[%clk 1:30:46]}  d6 {[%clk 1:31:31]} 4. d3 {[%clk 1:29:33]}  Nbd7 {[%clk 1:31:43]} 5. e4 {[%clk 1:27:50]}  e5 {[%clk 1:31:42]} 6. Bg2 {[%clk 1:24:54]}  Bg7 {[%clk 1:31:16]} 7. O-O {[%clk 1:21:45]}  O-O {[%clk 1:30:04]} 8. c3 {[%clk 1:18:56]}  b6 {[%clk 1:28:39]} 9. a4 {[%clk 1:15:57]}  Bb7 {[%clk 1:23:31]} 10. Qe2 {[%clk 1:11:33]}  Re8 {[%clk 1:20:52]} 11. c4 {[%clk 1:07:04]}  a5 {[%clk 1:19:33]} 12. Nc3 {[%clk 1:04:57]}  Nc5 {[%clk 1:14:53]} 13. Qc2 {[%clk 1:01:55]}  Qd7 {[%clk 1:12:59]} 14. Be3 {[%clk 0:58:55]}  Ng4 {[%clk 0:54:54]} 15. Bd2 {[%clk 0:55:48]}  f5 {[%clk 0:42:35]} 16. fxe5 {[%clk 0:51:40]}  fxe4 {[%clk 0:36:08]} 17. dxe4 {[%clk 0:50:49]}  Nxe5 {[%clk 0:35:40]} 18. Nxe5 {[%clk 0:47:14]}  Bxe5 {[%clk 0:31:52]} 19. Nd5 {[%clk 0:42:32]}  Bxd5 {[%clk 0:25:17]} 20. cxd5 {[%clk 0:38:51]}  Bd4+ {[%clk 0:24:56]} 21. Kh1 {[%clk 0:39:13]}  Qg7 {[%clk 0:24:54]} 22. Rab1 {[%clk 0:35:45]}  Rf8 {[%clk 0:23:59]} 23. Bf4 {[%clk 0:30:42]}  Rf7 {[%clk 0:20:22]} 24. b4 {[%clk 0:26:12]}  axb4 {[%clk 0:20:17]} 25. Rxb4 {[%clk 0:26:30]}  Raf8 {[%clk 0:12:53]} 26. Rd1 {[%clk 0:23:56]}  Be5 {[%clk 0:10:40]} 27. Be3 {[%clk 0:24:17]}  Na6 {[%clk 0:09:31]} 28. Rbb1 {[%clk 0:23:40]}  Nc5 {[%clk 0:09:38]} 29. Rb4 {[%clk 0:23:44]}  g5 {[%clk 0:08:41]} 30. Rbb1 {[%clk 0:23:40]}  Qh6 {[%clk 0:07:16]} 31. Kg1 {[%clk 0:21:52]}  Qh5 {[%clk 0:07:13]} 32. Qd2 {[%clk 0:20:34]}  h6 {[%clk 0:04:43]} 33. Qc2 {[%clk 0:18:39]}  Qg6 {[%clk 0:03:11]} 34. Re1 {[%clk 0:17:39]}  h5 {[%clk 0:03:12]} 35. Qd2 {[%clk 0:17:11]}  Nxe4 {[%clk 0:02:45]} 36. Bxe4 {[%clk 0:16:46]}  Qxe4 {[%clk 0:03:09]} 37. Bxg5 {[%clk 0:17:04]}  Bd4+ {[%clk 0:02:10]} 38. Be3 {[%clk 0:17:25]}  Bxe3+ {[%clk 0:02:19]} 39. Rxe3 {[%clk 0:16:52]}  Qxb1+ {[%clk 0:02:33]} 0-1

[Event "Weekender - Expert"]
[Site "Enniscrone, Sligo, IE"]
[Date "2026.02.01"]
[Round "5"]
[White "Thomas Boby, Aiden"]
[Black "Recto, Chiron"]
[Result "1/2-1/2"]
[Board "12"]
[WhiteFideId "2535688"]
[BlackFideId "2541556"]
[WhiteElo "1839"]
[BlackElo "1775"]
[WhiteTeam "IRL"]
[BlackTeam "IRL"]
[WhiteClock "1:15:23"]
[BlackClock "1:18:14"]
[Variant "Standard"]

1. e4 {[%clk 1:30:58]}  d6 {[%clk 1:30:08]} 2. d4 {[%clk 1:31:16]}  g6 {[%clk 1:30:28]} 3. Nc3 {[%clk 1:31:39]}  Bg7 {[%clk 1:30:49]} 4. Be3 {[%clk 1:31:11]}  Nd7 {[%clk 1:31:09]} 5. h3 {[%clk 1:31:11]}  e5 {[%clk 1:30:56]} 6. d5 {[%clk 1:31:32]}  Ne7 {[%clk 1:31:13]} 7. Bc4 {[%clk 1:31:20]}  Nb6 {[%clk 1:31:13]} 8. Bb3 {[%clk 1:31:40]}  Bd7 {[%clk 1:30:48]} 9. Nge2 {[%clk 1:31:51]}  O-O {[%clk 1:30:22]} 10. Qd2 {[%clk 1:27:29]}  f5 {[%clk 1:29:57]} 11. f3 {[%clk 1:27:10]}  Kh8 {[%clk 1:26:12]} 12. O-O-O {[%clk 1:24:08]}  Nbc8 {[%clk 1:24:52]} 13. g4 {[%clk 1:20:12]}  f4 {[%clk 1:23:22]} 14. Bf2 {[%clk 1:20:34]}  h6 {[%clk 1:23:01]} 15. a3 {[%clk 1:18:01]}  Be8 {[%clk 1:18:14]} 16. Kb1 {[%clk 1:15:23]} 1/2-1/2

[Event "Weekender - Expert"]
[Site "Enniscrone, Sligo, IE"]
[Date "2026.02.01"]
[Round "5"]
[White "D`arcy, Elian"]
[Black "Galvin, Sebastian"]
[Result "1-0"]
[Board "13"]
[WhiteFideId "2517043"]
[BlackFideId "2531429"]
[WhiteElo "1812"]
[BlackElo "1797"]
[WhiteTeam "IRL"]
[BlackTeam "IRL"]
[WhiteClock "0:05:00"]
[BlackClock "0:44:06"]
[Variant "Standard"]

1. e4 {[%clk 1:30:43]}  e6 {[%clk 1:30:55]} 2. d4 {[%clk 1:30:53]}  d5 {[%clk 1:31:18]} 3. Nc3 {[%clk 1:31:15]}  Nf6 {[%clk 1:31:43]} 4. e5 {[%clk 1:31:38]}  Nfd7 {[%clk 1:32:09]} 5. Nce2 {[%clk 1:31:06]}  c5 {[%clk 1:31:59]} 6. c3 {[%clk 1:31:28]}  Nc6 {[%clk 1:32:24]} 7. f4 {[%clk 1:31:42]}  cxd4 {[%clk 1:31:07]} 8. cxd4 {[%clk 1:32:00]}  Be7 {[%clk 1:30:33]} 9. Nf3 {[%clk 1:30:14]}  O-O {[%clk 1:29:29]} 10. Be3 {[%clk 1:24:38]}  b5 {[%clk 1:25:03]} 11. Ng3 {[%clk 1:01:22]}  a6 {[%clk 1:23:17]} 12. Bd3 {[%clk 0:47:59]}  f5 {[%clk 1:16:27]} 13. exf6 {[%clk 0:43:47]}  Bxf6 {[%clk 1:14:14]} 14. O-O {[%clk 0:41:07]}  Nb6 {[%clk 1:09:10]} 15. b3 {[%clk 0:33:59]}  b4 {[%clk 1:03:52]} 16. Qc2 {[%clk 0:26:40]}  Bd7 {[%clk 1:00:50]} 17. Bxh7+ {[%clk 0:26:00]}  Kh8 {[%clk 1:01:16]} 18. Bd3 {[%clk 0:26:06]}  a5 {[%clk 0:58:09]} 19. Qe2 {[%clk 0:21:08]}  Be8 {[%clk 0:56:32]} 20. Ne5 {[%clk 0:19:46]}  Ne7 {[%clk 0:54:45]} 21. Qg4 {[%clk 0:17:38]}  Qd6 {[%clk 0:53:27]} 22. Nh5 {[%clk 0:15:50]}  Nd7 {[%clk 0:51:13]} 23. Rf3 {[%clk 0:09:58]}  g6 {[%clk 0:45:05]} 24. Nxf6 {[%clk 0:07:58]}  Nxf6 {[%clk 0:45:22]} 25. Qg5 {[%clk 0:06:14]}  Kg7 {[%clk 0:45:09]} 26. Rh3 {[%clk 0:06:10]}  Neg8 {[%clk 0:44:23]} 27. Bxg6 {[%clk 0:05:33]}  Ne7 {[%clk 0:44:06]} 28. Bd3+ {[%clk 0:05:00]} 1-0

[Event "Weekender - Expert"]
[Site "Enniscrone, Sligo, IE"]
[Date "2026.02.01"]
[Round "5"]
[White "Hackett, Len"]
[Black "Furstenburg, Brandon"]
[Result "1/2-1/2"]
[Board "14"]
[WhiteFideId "2505460"]
[BlackFideId "14309904"]
[WhiteElo "1775"]
[BlackElo "1857"]
[WhiteTeam "IRL"]
[BlackTeam "RSA"]
[WhiteClock "1:00:39"]
[BlackClock "0:05:37"]
[Variant "Standard"]

1. e4 {[%clk 1:23:56]}  c5 {[%clk 1:30:53]} 2. Nf3 {[%clk 1:23:46]}  d6 {[%clk 1:31:17]} 3. d4 {[%clk 1:24:06]}  cxd4 {[%clk 1:31:40]} 4. Nxd4 {[%clk 1:24:26]}  Nf6 {[%clk 1:32:05]} 5. Nc3 {[%clk 1:24:48]}  g6 {[%clk 1:32:29]} 6. Be3 {[%clk 1:24:15]}  Bg7 {[%clk 1:32:31]} 7. f3 {[%clk 1:24:34]}  O-O {[%clk 1:32:55]} 8. Bc4 {[%clk 1:23:48]}  Nc6 {[%clk 1:33:03]} 9. Qd2 {[%clk 1:24:02]}  Bd7 {[%clk 1:33:24]} 10. O-O-O {[%clk 1:23:48]}  Rc8 {[%clk 1:33:49]} 11. Bb3 {[%clk 1:24:09]}  Ne5 {[%clk 1:34:12]} 12. h4 {[%clk 1:23:08]}  Nc4 {[%clk 1:34:36]} 13. Bxc4 {[%clk 1:23:31]}  Rxc4 {[%clk 1:35:02]} 14. h5 {[%clk 1:21:59]}  Nxh5 {[%clk 1:35:26]} 15. g4 {[%clk 1:21:35]}  Nf6 {[%clk 1:35:50]} 16. Nce2 {[%clk 1:21:56]}  Re8 {[%clk 0:39:40]} 17. Ng3 {[%clk 1:09:31]}  Bxg4 {[%clk 0:07:42]} 18. Qe2 {[%clk 1:05:17]}  Rxd4 {[%clk 0:07:06]} 19. Bxd4 {[%clk 1:05:08]}  Be6 {[%clk 0:05:43]} 20. Kb1 {[%clk 1:03:00]}  Qa5 {[%clk 0:05:55]} 21. b3 {[%clk 1:03:06]}  Rc8 {[%clk 0:05:50]} 22. Bb2 {[%clk 1:01:17]}  Qc5 {[%clk 0:05:31]} 23. Bd4 {[%clk 1:00:17]}  Qa5 {[%clk 0:05:13]} 24. Bb2 {[%clk 1:00:39]}  Qc5 {[%clk 0:05:37]} 1/2-1/2